Fubini-type properties of bivariate functions of bounded p-variation

We investigate Fubini-type properties of the space of functions of bounded Hardy-Vitali-type p-variation. This leads us to consider mixed norm spaces of bivariate functions whose linear sections have bounded p-variation in the sense of Wiener.

Elmentve itt :
Bibliográfiai részletek
Szerző: Lind M.
További közreműködők: Fubini Guido
Dokumentumtípus: Cikk
Megjelent: Bolyai Institute, University of Szeged Szeged 2014
Sorozat:Acta scientiarum mathematicarum 80 No. 3-4
Kulcsszavak:Matematika
Tárgyszavak:
mtmt:http://dx.doi.org/10.14232/actasm-012-363-z
Online Access:http://acta.bibl.u-szeged.hu/34839
LEADER 01093nab a2200241 i 4500
001 acta34839
005 20260305135936.0
008 161017s2014 hu o 000 eng d
022 |a 0001-6969 
024 7 |a http://dx.doi.org/10.14232/actasm-012-363-z  |2 doi 
040 |a SZTE Egyetemi Kiadványok Repozitórium  |b hun 
041 |a eng 
100 1 |a Lind M. 
245 1 0 |a Fubini-type properties of bivariate functions of bounded p-variation  |h [elektronikus dokumentum] /  |c  Lind M. 
260 |a Bolyai Institute, University of Szeged  |b Szeged  |c 2014 
300 |a 467-475 
490 0 |a Acta scientiarum mathematicarum  |v 80 No. 3-4 
520 3 |a We investigate Fubini-type properties of the space of functions of bounded Hardy-Vitali-type p-variation. This leads us to consider mixed norm spaces of bivariate functions whose linear sections have bounded p-variation in the sense of Wiener. 
650 4 |a Természettudományok 
650 4 |a Matematika 
695 |a Matematika 
700 0 1 |a Fubini Guido 
856 4 0 |u http://acta.bibl.u-szeged.hu/34839/1/math_080_numb_003_004_467-475.pdf  |z Dokumentum-elérés